[Event "Championnat de Martinique Fermé "]
[Site "Madiana"]
[Date "2016.05.05"]
[Round "10.1"]
[White "Verneuil, Pascal"]
[Black "Rapon, Karl-Loic"]
[Result "1-0"]
[WhiteElo "2191"]
[BlackElo "2043"]
[PlyCount "127"]
[EventDate "2016.??.??"]

1. e4 c6 2. d4 d5 3. e5 c5 4. dxc5 Nc6 5. Bb5 e6 6. Be3 Bd7 7. Bxc6 Bxc6 8. Nf3
Ne7 9. O-O Nf5 10. Bd4 Nxd4 11. Qxd4 Be7 12. Nc3 O-O 13. Rad1 Qc7 14. Rd3 Bd7
15. Rfd1 Bxc5 16. Qh4 f5 17. Ne2 Qd8 18. Qxd8 Rfxd8 19. c4 Ba4 20. b3 Bc6 21.
Nf4 Re8 22. cxd5 exd5 23. Nxd5 Bxd5 24. Rxd5 Bb6 25. Rd7 Rac8 26. R7d2 h6 27.
h4 g6 28. Rd6 Rc2 29. R1d2 Rxd2 30. Rxd2 Kf7 31. Kf1 Rd8 32. Rc2 Ke6 33. Ke2 f4
34. g4 fxg3 35. fxg3 Rg8 36. a4 Rg7 37. Kd3 Kf5 38. Rc4 Rd7+ 39. Ke2 Bd8 40.
g4+ Ke6 41. Ke3 Bb6+ 42. Ke4 Rd1 43. b4 Rb1 44. a5 Bf2 45. h5 gxh5 46. gxh5 a6
47. Kf4 Rb2 48. Kg4 Kd5 49. Rc7 Rxb4+ 50. Kf5 Be3 51. Rd7+ Kc6 52. Rd6+ Kc7 53.
Ke6 Rf4 54. Rd7+ Kc6 55. Rf7 Ra4 56. Rf6 Rxa5 57. Kf7+ Kc7 58. e6 Bc5 59. Rxh6
Ra4 60. Rf6 Kd8 61. h6 Ra1 62. h7 Rh1 63. Kg7 Ke7 64. Rh6 1-0

[Event "Championnat de Martinique Fermé "]
[Site "Madiana"]
[Date "2016.05.05"]
[Round "10.2"]
[White "Suez-Panama, Gilles"]
[Black "Midonet, Matthieu"]
[Result "0-1"]
[WhiteElo "2022"]
[BlackElo "2204"]
[PlyCount "74"]
[EventDate "2016.??.??"]

1. d4 d5 2. Nf3 Nf6 3. e3 Bf5 4. Bd3 Bg6 5. b3 e6 6. O-O Be7 7. Bb2 Nbd7 8. Ne5
Nxe5 9. dxe5 Nd7 10. Nd2 O-O 11. f4 Nc5 12. Be2 a5 13. g4 f6 14. Nf3 Be4 15.
exf6 Bxf6 16. Nd4 e5 17. Nb5 exf4 18. Bxf6 Rxf6 19. exf4 c6 20. g5 Rxf4 21.
Rxf4 Qxg5+ 22. Rg4 Qe3+ 23. Kf1 cxb5 24. Rg3 Rf8+ 25. Ke1 Qf2+ 26. Kd2 Qxh2 27.
Qg1 Qh6+ 28. Kd1 Ne6 29. Qe3 Qf6 30. c3 b4 31. Rc1 Qe5 32. Bd3 Nf4 33. Bxe4
dxe4 34. Qd4 Qh5+ 35. Kc2 Qh2+ 36. Kb1 Qxg3 37. Rg1 Qd3+ 0-1

[Event "Championnat de Martinique Fermé "]
[Site "Madiana"]
[Date "2016.05.05"]
[Round "10.4"]
[White "Chancerel, Dominique"]
[Black "Coat, Gabriel"]
[Result "1-0"]
[WhiteElo "1853"]
[BlackElo "1327"]
[PlyCount "105"]
[EventDate "2016.??.??"]

1. e4 e5 2. f4 d6 3. Nf3 Bg4 4. Nc3 Nc6 5. Bb5 Nge7 6. O-O Qd7 7. h3 a6 8. Bxc6
bxc6 9. hxg4 Qxg4 10. fxe5 Ng6 11. d4 dxe5 12. Ng5 Qxd1 13. Nxd1 f6 14. Ne6 Kd7
15. Nxf8+ Raxf8 16. Be3 Re8 17. dxe5 Nxe5 18. Nf2 Nc4 19. Bd4 Nd2 20. Rfd1 Nxe4
21. Bxf6+ Kc8 22. Bxg7 Rhg8 23. Bd4 Ng3 24. c3 Ne2+ 25. Kh2 Nf4 26. g3 Nh5 27.
Rg1 Re2 28. b4 Rf8 29. Rg2 h6 30. Nd3 Re6 31. Nc5 Rg6 32. Nxa6 Kb7 33. Nc5+ Kc8
34. Re1 Ng7 35. Rge2 Kd8 36. Bxg7 Rxg7 37. Ne6+ Kc8 38. Nxg7 Kb7 39. Ne6 Rf3
40. c4 Rc3 41. Nc5+ Ka7 42. Re4 Rc2+ 43. R1e2 Rc1 44. Nb3 Rd1 45. Re5 Rd8 46.
Na5 Kb6 47. a4 Rd4 48. c5+ Ka6 49. Nxc6 Rd1 50. b5+ Kb7 51. Re8 Rd8 52. Rxd8 h5
53. Rb8# 1-0

[Event "Championnat de Martinique Fermé "]
[Site "Madiana"]
[Date "2016.05.15"]
[Round "10.5"]
[White "Evers, Shaman"]
[Black "Lafortune, Emerick"]
[Result "0-1"]
[WhiteElo "1541"]
[BlackElo "1956"]
[PlyCount "122"]
[EventDate "2016.??.??"]

1. e4 e5 2. Nf3 Nc6 3. Bb5 a6 4. Bxc6 dxc6 5. O-O Bg4 6. b3 Qf6 7. d3 Ne7 8.
Nbd2 Ng6 9. Bb2 Bc5 10. Qc1 O-O-O 11. Ba3 Bb6 12. h3 h5 13. Nh2 Nf4 14. Kh1 Qg6
15. Nc4 Bxh3 16. g3 Bg2+ 17. Kg1 Ne2+ 18. Kxg2 Nxc1 19. Raxc1 f6 20. f4 exf4
21. Rxf4 Bd4 22. Nf3 b5 23. Nxd4 Rxd4 24. Bb2 h4 25. g4 h3+ 26. Kh2 Rdd8 27.
Ne3 Qg5 28. Rcf1 Qc5 29. R4f3 Qd6+ 30. Kh1 h2 31. Nf5 Qc5 32. R1f2 Rh7 33. Nxg7
Rxg7 34. Bxf6 Rdg8 35. Bxg7 Rxg7 36. Rf5 Qe3 37. R5f3 Qe1+ 38. Kxh2 Rxg4 39.
Rg2 Qh4+ 40. Kg1 Rxg2+ 41. Kxg2 Qg5+ 42. Kh3 Qd2 43. c4 Qxa2 44. cxb5 cxb5 45.
d4 Qe2 46. Rf4 Qe3+ 47. Kg4 Qxd4 48. Kf5 Qd3 49. Kf6 Qxb3 50. e5 Kd7 51. Rd4+
Ke8 52. e6 Qc3 53. Ke5 c5 54. e7 Qxd4+ 55. Ke6 Qf4 56. Kd5 Kxe7 57. Kxc5 Qc4+
58. Kb6 Kd7 59. Kxa6 Kc6 60. Ka7 Qf7+ 61. Ka6 Qa2# 0-1

[Event "Championnat de Martinique Fermé "]
[Site "Madiana"]
[Date "2016.05.05"]
[Round "10.6"]
[White "Lebon, Nicolas"]
[Black "Tin, Romain"]
[Result "1-0"]
[WhiteElo "1874"]
[BlackElo "1571"]
[PlyCount "82"]
[EventDate "2016.??.??"]

1. f4 d5 2. Nf3 c5 3. e3 Bg4 4. b3 e6 5. Bb2 Nf6 6. Bb5+ Nbd7 7. O-O a6 8.
Bxd7+ Nxd7 9. d3 f6 10. h3 Bxf3 11. Qxf3 Qb6 12. Nd2 Be7 13. f5 O-O 14. Kh1 d4
15. Nc4 Qc7 16. exd4 b5 17. fxe6 bxc4 18. exd7 cxd3 19. Qxd3 Qxd7 20. d5 Rfd8
21. c4 a5 22. Rfe1 Bd6 23. Bc3 a4 24. Qd2 Bb8 25. b4 cxb4 26. Bxb4 Qc7 27. d6
Qxc4 28. Rac1 Qb5 29. Rc5 Qb7 30. Re7 Qa6 31. Rc1 Bxd6 32. Re6 Rac8 33. Rd1 Be7
34. Qxd8+ Bxd8 35. Re8+ Kf7 36. Rf8+ Kg6 37. Rfxd8 Rxd8 38. Rxd8 Kg5 39. Ra8 f5
40. Rxa6 g6 41. Rxa4 f4 1-0

[Event "Championnat de Martinique Fermé "]
[Site "Madiana"]
[Date "2016.05.15"]
[Round "11.1"]
[White "Lafortune, Emerick"]
[Black "Verneuil, Pascal"]
[Result "1/2-1/2"]
[WhiteElo "1956"]
[BlackElo "2191"]
[PlyCount "86"]
[EventDate "2016.??.??"]

1. Nf3 d5 2. c4 d4 3. g3 Nc6 4. Bg2 e5 5. O-O Nf6 6. d3 a5 7. e3 Bc5 8. exd4
Bxd4 9. Nxd4 Nxd4 10. Re1 O-O 11. h3 Re8 12. Nc3 c6 13. Be3 Bf5 14. Qd2 Bxd3
15. Bxd4 Qxd4 16. b3 Rad8 17. Rad1 e4 18. Ne2 Qb6 19. Qb2 Bxc4 20. Rxd8 Rxd8
21. Nc3 Bd3 22. Bxe4 Nxe4 23. Nxe4 h6 24. Qe5 Bxe4 25. Rxe4 Rd1+ 26. Kg2 Qd8
27. Qe8+ Qxe8 28. Rxe8+ Kh7 29. Re7 Ra1 30. Rxf7 b5 31. Rc7 Rxa2 32. Rxc6 Ra3
33. Ra6 Kg8 34. Kf1 Kf7 35. Ke1 g5 36. f4 Rxb3 37. Rxa5 gxf4 38. gxf4 h5 39.
Ra6 Rxh3 40. Rb6 Rb3 41. Rh6 Rh3 42. Rb6 Rb3 43. Rh6 Rh3 1/2-1/2

[Event "Championnat de Martinique Fermé "]
[Site "Madiana"]
[Date "2016.05.15"]
[Round "11.2"]
[White "Midonet, Matthieu"]
[Black "Lebon, Nicolas"]
[Result "1-0"]
[WhiteElo "2204"]
[BlackElo "1874"]
[PlyCount "31"]
[EventDate "2016.??.??"]

1. e4 b6 2. d4 Bb7 3. Bd3 e6 4. Nf3 Nf6 5. Qe2 d5 6. e5 Nfd7 7. O-O c5 8. c3
Qc8 9. Ng5 Be7 10. Qh5 Bxg5 11. Bxg5 Nf8 12. Na3 c4 13. Nb5 g6 14. Qh6 Qc6 15.
Nd6+ Kd7 16. Qg7 1-0

[Event "Championnat de Martinique Fermé "]
[Site "Madiana"]
[Date "2016.05.15"]
[Round "11.3"]
[White "Rapon, Karl-Loic"]
[Black "Chancerel, Dominique"]
[Result "1-0"]
[WhiteElo "2043"]
[BlackElo "1853"]
[PlyCount "49"]
[EventDate "2016.??.??"]

1. c4 e5 2. Nc3 d6 3. g3 f5 4. Bg2 Nf6 5. d4 e4 6. Bg5 Be7 7. Nh3 O-O 8. Nf4 c6
9. e3 Na6 10. Bxf6 Rxf6 11. g4 Nc7 12. gxf5 d5 13. Qb3 Rxf5 14. cxd5 cxd5 15.
Bxe4 Rxf4 16. exf4 Kh8 17. Bc2 Bg4 18. Rg1 Qd7 19. f5 Bh5 20. Bd1 Bf7 21. Bg4
Bg5 22. Kf1 Qd6 23. Ne2 Re8 24. Ng3 Nb5 25. Qxb5 1-0

[Event "Championnat de Martinique Fermé "]
[Site "Madiana"]
[Date "2016.05.15"]
[Round "11.4"]
[White "Coat, Gabriel"]
[Black "Medeuf, Yonhel"]
[Result "0-1"]
[WhiteElo "1327"]
[BlackElo "2038"]
[PlyCount "84"]
[EventDate "2016.??.??"]

1. Nf3 d6 2. d4 Nf6 3. Bf4 g6 4. Nbd2 Bg7 5. g3 Nd5 6. Be3 Nd7 7. Bg2 O-O 8.
O-O Nxe3 9. fxe3 Nf6 10. Nb3 Ng4 11. Qd3 Bh6 12. e4 d5 13. exd5 Ne3 14. Rf2 Bf5
15. Qc3 Nxd5 16. Qa5 Be3 17. Ne5 c6 18. Bxd5 Qxa5 19. Bxf7+ Rxf7 20. Nxa5 Rf6
21. c3 Bh3 22. Nf3 g5 23. g4 h5 24. Nc4 Bxf2+ 25. Kxf2 hxg4 26. Kg3 gxf3 27.
Kxh3 fxe2 28. Re1 Rf2 29. Ne5 Raf8 30. Kg3 Kg7 31. h4 gxh4+ 32. Kxh4 Rg2 33.
Kh3 Rg5 34. Ng4 Rf4 35. Nh2 Rf6 36. Ng4 Rfg6 37. Rxe2 Rxg4 38. Rxe7+ Kh6 39.
Rxb7 Rg1 40. Kh2 R1g5 41. Rh7+ Kxh7 42. Kh3 Rh6# 0-1

[Event "Championnat de Martinique Fermé "]
[Site "Madiana"]
[Date "2016.05.15"]
[Round "11.6"]
[White "Tin, Romain"]
[Black "Evers, Shaman"]
[Result "0-1"]
[WhiteElo "1571"]
[BlackElo "1541"]
[PlyCount "166"]
[EventDate "2016.??.??"]

1. e4 e5 2. Bc4 Bc5 3. Nf3 Nc6 4. O-O Nf6 5. d3 h6 6. Qe2 d6 7. Be3 Bb6 8. h3
Qe7 9. Re1 Bd7 10. a3 O-O-O 11. b4 g5 12. Bxb6 cxb6 13. Nfd2 Rdg8 14. Nb3 h5
15. Nc3 h4 16. Nd5 Qd8 17. b5 Nb8 18. Nxf6 Qxf6 19. f3 Qf4 20. Qe3 Bxh3 21.
Qxf4 gxf4 22. Re2 Rh7 23. Kh2 Bd7 24. Rh1 Rgh8 25. Kg1 f5 26. Nd2 Kd8 27. a4
Rh6 28. Kf2 Ke7 29. Bd5 fxe4 30. dxe4 a6 31. c4 Bc8 32. Ree1 Nd7 33. Rb1 Nc5
34. Ra1 a5 35. Ke2 Rg6 36. Rh2 Rh7 37. Nb1 Kf6 38. Nc3 Kg5 39. Rah1 Rgh6 40.
Bg8 Rh8 41. Bd5 Kf6 42. Kf1 h3 43. gxh3 Rxh3 44. Rxh3 Rxh3 45. Rxh3 Bxh3+ 46.
Ke2 Be6 47. Kf2 Kf7 48. Kg2 Bxd5 49. cxd5 Kg6 50. Kh3 Kh5 51. Kg2 Kh4 52. Kh2
Nb3 53. Kg2 Nd4 54. Kf2 Kh3 55. Nd1 Nc2 56. Nb2 Ne3 57. Ke2 Kg2 58. Nd3 Nc4 59.
Ne1+ Kg1 60. Nd3 Kg2 61. Ne1+ Kh1 62. Nd3 Kg1 63. Ke1 Kg2 64. Ke2 Kg3 65. Nf2
Nb2 66. Ng4 Nxa4 67. Nf6 Nc3+ 68. Kd3 Nxb5 69. Ne8 Kxf3 70. Kc4 a4 71. Kxb5 a3
72. Nxd6 a2 73. Nxb7 a1=Q 74. d6 Kxe4 75. d7 Qd1 76. Kxb6 f3 77. Kc6 f2 78.
Nd6+ Qxd6+ 79. Kxd6 f1=Q 80. Ke7 Qd3 81. d8=Q Qxd8+ 82. Kxd8 Kd3 83. Ke7 e4 0-1